Normal view MARC view
  • NAYAK, RAMADAS AND RAI, SHARMA

Entry Personal Name

Number of records used in: 1

001 - CONTROL NUMBER

  • control field: 8836

003 - CONTROL NUMBER IDENTIFIER

  • control field: JRU

005 - DATE AND TIME OF LATEST TRANSACTION

  • control field: 20251203125129.0

008 - FIXED-LENGTH DATA ELEMENTS

  • fixed length control field: 251203|| aca||aabn | a|a d

040 ## - CATALOGING SOURCE

  • Original cataloging agency: JRU
  • Transcribing agency: JRU

100 ## - HEADING--PERSONAL NAME

  • Personal name: NAYAK, RAMADAS AND RAI, SHARMA

670 ## - SOURCE DATA FOUND

  • Source citation: Work cat.: (JRU)9017: NAYAK, RAMADAS AND RAI, SHARMA, ESSENTIALS IN HEMATOLOGY AND CLINICAL PATHOLOGY